| 000 | 005080000a22001690004500 | ||
|---|---|---|---|
| 003 | MACL | ||
| 005 | 20160410134426.0 | ||
| 008 | 160410b xxu||||| |||| 00| 0 eng d | ||
| 040 |
_aMACL _cMACL |
||
| 041 | _aHindi | ||
| 082 | _a328 | ||
| 245 |
_aभारत की संसद _bचौदहवीं लोक सभा |
||
| 260 |
_bलोक सभा सचिवालय _c2005 _aनई दिल्ली |
||
| 350 | _a1650 | ||
| 650 |
_aLegislative Process _951732 |
||
| 942 |
_cHIN _k328 _2ddc |
||
| 999 |
_c11633 _d11633 |
||